00459nam a2200145 4500003000900000005001700009008004100026020002900067040001300096082001600109100001800125245010200143260003300245650003500278SEACOMMC20250428115114.0241207b |||||||| |||| 00| 0 eng d a0-33362-566-8cRs.495.00 aSEACOMMC a174.4bK 62 a Kitson, Alan1 aEthical Organization: Ethical theory and Corporate Behaviourc Alan Kitson [and] Robert Campbell. a New Yorkb Palgrave c 1996 aBusiness Ethics - Case studies